Introducción al Derecho Público Alemán( siglos XVI-XXI)

Saved in:
Bibliografiske detaljer
Hovedforfatter: Stolleis, Michael
Format: Ukendt
Sprog:engelsk
Udgivet: Marcial Pons 2017
Udgivelse:Primera edición
Fag:
Tags: Tilføj Tag
Ingen Tags, Vær først til at tagge denne postø!

MARC

LEADER 00000 a2200000 4500
003 CL-VaPUC
005 20211117074532.0
008 200108b ||||| |||| 00| 0 eng d
999 |c 376418  |d 376416 
020 |a 9788491232667 
040 |c Pontificia Universidad Católica de Valparaíso 
082 |a 342.43 STO 2017 
100 |a Stolleis, Michael  |9 605630 
245 |a Introducción al Derecho Público Alemán( siglos XVI-XXI) 
250 |a Primera edición 
260 |b Marcial Pons  |c 2017 
583 |k Hugo Gaete  |c 20200108 
650 0 |a Derecho público   |9 255910 
650 0 |a Derecho alemán   |9 385144 
650 0 |a Derecho constitucional   |9 222588 
650 0 |a Derecho europeo  |9 391498 
650 0 |a Historia del derecho  |9 255109 
650 0 |a Derecho administrativo  |9 254851 
650 0 |a Derecho internacional  |9 255637 
651 0 |a Alemania  |9 255688 
942 |2 ddc  |c BK 
952 |0 0  |1 0  |2 ddc  |4 0  |6 342_430000000000000_STO_2017  |7 0  |9 495863  |a BIBDER  |b BIBDER  |d 2020-01-07  |e 36  |g 17635.00  |i 5571413  |l 3  |o 342.43 STO 2017   |p 5571413  |r 2023-01-25  |s 2022-11-23  |t 1  |v 17635.00  |w 2020-01-07  |y BK  |k DER